00786nam a2200181 i 4500001000700000003000900007005001700016007000300033008004100036080001200077100004800089245014300137260002800280300002200308500020600330650003300536852003500569106258ES-MaACL20250728113925.0t|061017s1999 sp ||||1| spa d a299.9920 aGómez-Tabanera, José Manuel,d1926-201110aAnte las presuntas religiones del hombre fósil a la luz de la vocación actual de la antropología / cJosé Manuel Gómez-Tabanera. a[S.l. : bs.n., c1999] a[6] h. ; c30 cm. aEjemplar fotocopiado de un artículo en el: Homenaje al profesor Dr. Miguel A. García Guinea, publicado en Sautuola VI, Revista del Instituto de Prehistoria y Arqueología Sautuola, Santander 1999.17aReligiones primitivas2embne aES-MaACLj2206-F-43 bR.138030